000 00773nam a2200253 i 4500
005 20200104041534.0
008 140306s1999 nyu||||| |||| 00| 0 eng d
040 _aCO-BoIAVH
_cCO-BoIAVH
041 _aeng
082 0 4 _a580
_bI38i
245 0 0 _aIndex herbariorum
260 _aNueva York :
_bNew York Botanical Garden,
_c1990.
300 _a693 páginas
490 0 0 _aRegnum vegetabile
_x0080-0694
505 _aParte 1.: The herbaria of the world.
650 1 4 _aPlantas
650 2 4 _aBotánica
650 2 4 _aHistoria natural
700 1 _aHolmgren, Patricia K.,
_eeditor.
700 1 _aHolmgren, Noel H.,
_eeditor.
700 1 _aBarnett, Lisa C.,
_eeditor.
740 _aThe herbaria of the world
942 _cLIBRO
_2ddc
999 _c2613
_d2613